LEADER 00429nab a2200145 i 4500 001 000000285631 003 CaOOAMICUS 005 20190418114135.0 008 150326n xx uu u0 0und r 013 $a39140 040 $aSeMil$bita 245 10$aWinter. 773 0 $t[2015].$dCharlottesville (Virginia) : Philosophy Documentation Center, copyr. 2015.$w()240318 996 $6245$aWinter$9(OLS)http://semarc/title/421131 LEADER 00354nab a2200133 i 4500 001 000000312168 003 CaOOAMICUS 005 20180831173047.0 008 180831n xx uu u0 0und r 013 $a21260 040 $aSeMil$bita 245 10$aLibri proibiti. 773 0 $t[Maggio-Agosto].$g108$w()274183 996 $6245$aLibri proibiti$9(OLS)http://semarc/title/384701